Operating systems / (Record no. 526975)
[ view plain ]
| 000 -LEADER | |
|---|---|
| fixed length control field | 01060cam a2200301 a 4500 |
| 001 - CONTROL NUMBER | |
| control field | 15920864 |
| 003 - CONTROL NUMBER IDENTIFIER | |
| control field | NUST |
| 005 - DATE AND TIME OF LATEST TRANSACTION | |
| control field | 20190718063054.0 |
| 008 - FIXED-LENGTH DATA ELEMENTS--GENERAL INFORMATION | |
| fixed length control field | 090924s2010 njua b 001 0 eng |
| 010 ## - LIBRARY OF CONGRESS CONTROL NUMBER | |
| LC control number | 2009037707 |
| 020 ## - INTERNATIONAL STANDARD BOOK NUMBER | |
| International Standard Book Number | 9788131730225 (hc) |
| 038 ## - RECORD CONTENT LICENSOR | |
| Staff Name | Arshad |
| 040 ## - CATALOGING SOURCE | |
| Original cataloging agency | DLC |
| Transcribing agency | DLC |
| Modifying agency | DLC |
| 050 00 - LIBRARY OF CONGRESS CALL NUMBER | |
| Classification number | QA76.76.O63 |
| Item number | H3433 2010 |
| 082 00 - DEWEY DECIMAL CLASSIFICATION NUMBER | |
| Classification number | 005.4/32 |
| Author Mark | HAL |
| 100 1# - MAIN ENTRY--PERSONAL NAME | |
| Personal name | Haldar, Sibsankar, |
| Dates associated with a name | 1962- |
| 9 (RLIN) | 18002 |
| 245 10 - TITLE STATEMENT | |
| Title | Operating systems / |
| Statement of responsibility, etc. | Sibsankar Haldar and Alex A. Aravind. |
| 260 ## - PUBLICATION, DISTRIBUTION, ETC. | |
| Place of publication, distribution, etc. | Upper Saddle River, NJ : |
| Name of publisher, distributor, etc. | Pearson, |
| Date of publication, distribution, etc. | 2010. |
| 300 ## - PHYSICAL DESCRIPTION | |
| Extent | xxxii, 577 p. : |
| Other physical details | ill. ; |
| Dimensions | 25 cm. |
| 504 ## - BIBLIOGRAPHY, ETC. NOTE | |
| Bibliography, etc. note | Includes bibliographical references (p. [549]-562) and index. |
| 630 00 - SUBJECT ADDED ENTRY--UNIFORM TITLE | |
| Uniform title | Microsoft Windows (Computer file) |
| 9 (RLIN) | 18003 |
| 630 00 - SUBJECT ADDED ENTRY--UNIFORM TITLE | |
| Uniform title | Linux. |
| 9 (RLIN) | 6656 |
| 650 #0 - SUBJECT ADDED ENTRY--TOPICAL TERM | |
| Topical term or geographic name entry element | Operating systems (Computers) |
| 9 (RLIN) | 6657 |
| 700 1# - ADDED ENTRY--PERSONAL NAME | |
| Personal name | Aravind, Alex A. |
| Fuller form of name | (Alex Alagarsamy), |
| Dates associated with a name | 1965- |
| 9 (RLIN) | 18004 |
| 906 ## - LOCAL DATA ELEMENT F, LDF (RLIN) | |
| a | 7 |
| b | cbc |
| c | orignew |
| d | 1 |
| e | ecip |
| f | 20 |
| g | y-gencatlg |
| 942 ## - ADDED ENTRY ELEMENTS (KOHA) | |
| Source of classification or shelving scheme | |
| Koha item type | Book |
| Withdrawn status | Lost status | Source of classification or shelving scheme | Damaged status | Not for loan | Permanent Location | Current Location | Shelving location | Date acquired | Source of acquisition | Cost, normal purchase price | Total Checkouts | Full call number | Barcode | Date last seen | Copy number | Price effective from | Koha item type |
|---|---|---|---|---|---|---|---|---|---|---|---|---|---|---|---|---|---|
| NUST Baluchistan Campus (NBC) | NUST Baluchistan Campus (NBC) | Book Cart | 07/18/2019 | Purchased | 5604.00 | 005.4/32 HAL | Q-80 | 07/18/2019 | 1 | 07/18/2019 | Book |
